| 000 | 01216cam a22002653a 4500 | ||
|---|---|---|---|
| 001 | 32117 | ||
| 003 | PGUSA | ||
| 005 | 20140828083709.0 | ||
| 008 | 100424s2010||||xxu|||||s|||||000 1 eng d | ||
| 040 |
_aPGUSA _beng |
||
| 042 | _adc | ||
| 050 | 4 | _aPS | |
| 100 | 1 |
_aMiller, Joaquin, _d1837-1913 |
|
| 245 | 1 | 0 |
_aEleven Possible Cases _h[electronic resource] / _cJoaquin Miller |
| 260 |
_bProject Gutenberg, _c2010 |
||
| 505 | 0 | _aThe only girl at Overlook / Franklin Fyles -- A thing that glistened / Frank R. Stockton -- A lion and a lioness / Joaquin Miller -- The cheated Juliet / Q. [Henry Harland] -- The mystic Krewe / Maurice Thompson -- Strange adventures of a million dollars / Ingersoll Lockwood -- A lost day / Edgar Fawcett -- A tragedy of high explosives / Brainard Gardner Smith -- The bushwhacker's gratitude / Kirke Munroe -- The end of all / Nym Crinkle [Andrew C. Wheeler] -- Shall he marry her? / Anna Katharine Green. | |
| 506 | _aPublic domain in the USA. | ||
| 516 | _aElectronic text | ||
| 653 | _aFiction | ||
| 653 | _aDetective and mystery stories | ||
| 653 | _aShort stories | ||
| 830 | 0 |
_aProject Gutenberg _v32117 |
|
| 856 | 4 | 0 | _uhttp://www.gutenberg.org/ebooks/32117 |
| 942 | _cEB | ||
| 999 |
_c261372 _d261372 |
||